000 00489nam a22001937a 4500
003 MPLRDC
005 20220104143543.0
008 210129b ||||| |||| 00| 0 eng d
020 _a7-300-03301-6
082 _a494.2 KT
100 _a约翰.P.科特 等著
245 _a变革
_c李原、孙健敏译
250 _a初版
260 _a
_b中国人民大学
_c1999
300 _b
490 _a哈佛商业评论精粹译丛
650 _a管理组织
942 _cBK
_o494.2 KT
999 _c41041
_d41031